|
|
|
|
| LEADER |
01229nam a2200313 a 4500 |
| 001 |
4331472 |
| 008 |
090528s1989 caua 001 0 eng d |
| 010 |
|
|
|a \\\88080643
|
| 020 |
|
|
|a 0155929747 (v. 1)
|
| 020 |
|
|
|a 0155929755 (v. 2)
|
| 040 |
|
|
|a DLC
|c DLC
|d DLC
|
| 082 |
0 |
0 |
|a 530
|2 20
|
| 245 |
0 |
0 |
|a University physics /
|c George B. Arfken ... [et al.].
|
| 250 |
|
|
|a 2nd ed.
|
| 260 |
|
|
|a San Diego :
|b Harcourt Brace Jovanovich,
|c c1989.
|
| 300 |
|
|
|a xii,467p. :
|b ill. ;
|c 27 cm.
|
| 360 |
0 |
|
|a vol.1
|
| 500 |
|
|
|a Ill. on lining papers.
|
| 504 |
|
|
|a Includes index.
|
| 541 |
1 |
|
|e 00009826
|
| 650 |
|
0 |
|a Physics.
|
| 700 |
1 |
|
|a Arfken, George B.
|q (George Brown),
|d 1922-
|
| 700 |
1 |
|
|a Griffing, David F.
|
| 700 |
1 |
|
|a Kelly, Donald C.
|
| 700 |
1 |
|
|a Priest, Joseph
|
| 852 |
4 |
|
|a Ayesha Abed Library
|j General shelf
|
| 999 |
|
|
|c 1148
|d 1148
|
| 952 |
|
|
|0 0
|1 0
|2 ddc
|4 0
|6 530_UNI_198900000000000
|7 0
|9 1037
|a BRACUL
|b BRACUL
|c GEN
|d 2009-06-24
|g 0.00
|l 33
|m 123
|o 530 UNI
|p 3010009826
|r 2026-01-18
|s 2025-12-21
|t 1
|w 2009-06-24
|y BK
|x No price found in the accession register.
|
| 952 |
|
|
|0 0
|1 0
|2 ddc
|4 0
|6 530_UNI_198900000000000
|7 0
|9 13991
|a BRACUL
|b BRACUL
|c GEN
|d 2011-01-18
|l 36
|m 141
|o 530 UNI
|p 3010009827
|q 2026-03-09
|r 2025-08-19
|s 2025-08-19
|t 2
|w 2011-01-18
|y BK
|